[Event "NED-ch 1972"]
[Site "Leeuwarden"]
[Date "1972.??.??"]
[Round "7"]
[White "Bohm, Hans"]
[Black "Ree, Hans"]
[Result "1/2-1/2"]
[WhiteElo "2250"]
[BlackElo "2480"]
[PlyCount "80"]
[EventDate "1972.??.??"]
[Source "ChessBase"]
[SourceDate "1999.07.01"]

1. e4 e5 2. Nf3 Nc6 3. Bb5 Nf6 4. O-O Nxe4 5. Re1 Nd6 6. Nxe5 Nxe5 7. Rxe5+ Be7
8. Bf1 O-O 9. d4 Bf6 10. Re1 Nf5 11. c3 d5 12. Bf4 Ne7 13. Bd3 Ng6 14. Qh5 Be6
15. Nd2 Re8 16. Bg3 Nf8 17. f4 g6 18. Qd1 Qd7 19. Qc2 Bf5 20. Nf3 Bxd3 21. Qxd3
c6 22. Ne5 Qf5 23. Qxf5 gxf5 24. Kf2 Re6 25. Kf3 Rae8 26. Bf2 h5 27. h3 Bd8 28.
Rg1 f6 29. Nd3 R6e7 30. a4 Ne6 31. a5 a6 32. b4 Bc7 33. Rae1 Ng7 34. Rxe7 Rxe7
35. Be3 Bd6 36. Rc1 Kf7 37. Rb1 Ne6 38. Rg1 Re8 39. Rb1 Re7 40. Rg1 Re8 1/2-1/2

[Event "NED-ch 1972"]
[Site "Leeuwarden"]
[Date "1972.??.??"]
[Round "7"]
[White "Scholl, Eddie"]
[Black "Langeweg, Kick"]
[Result "1/2-1/2"]
[WhiteElo "2400"]
[BlackElo "2425"]
[PlyCount "52"]
[EventDate "1972.??.??"]
[Source "ChessBase"]
[SourceDate "1999.07.01"]

1. e4 c5 2. Nf3 d6 3. d4 cxd4 4. Nxd4 Nf6 5. Nc3 Nc6 6. Bc4 Qb6 7. Ndb5 a6 8.
Be3 Qa5 9. Nd4 e6 10. O-O Be7 11. f4 O-O 12. Bb3 Bd7 13. f5 Nxd4 14. Bxd4 exf5
15. exf5 Bc6 16. Qe1 Rae8 17. Qg3 Nh5 18. Qg4 Bf6 19. Rad1 Bxd4+ 20. Qxd4 Re5
21. Qxd6 Rxf5 22. Rxf5 Qxf5 23. Rf1 Qc8 24. Nd5 Bxd5 25. Qxd5 Nf6 26. Qf5 Qd8
1/2-1/2

[Event "NED-ch 1972"]
[Site "Leeuwarden"]
[Date "1972.??.??"]
[Round "7"]
[White "Van Dop, Arend"]
[Black "Kuijpers, Frans"]
[Result "0-1"]
[WhiteElo "2290"]
[BlackElo "2400"]
[PlyCount "80"]
[EventDate "1972.??.??"]
[Source "ChessBase"]
[SourceDate "1999.07.01"]

1. b3 e5 2. Bb2 Nc6 3. e3 Nf6 4. Bb5 Qe7 5. Ne2 g6 6. O-O Bg7 7. f4 exf4 8.
Nxf4 O-O 9. Nc3 Ne5 10. Be2 d6 11. h3 c6 12. e4 b5 13. a3 Bb7 14. d4 Ned7 15.
Bf3 Nb6 16. Rb1 Rfe8 17. Kh1 Nfd7 18. Qd3 a5 19. Rbe1 b4 20. Nce2 c5 21. Nd5
Nxd5 22. exd5 Ba6 23. Qd1 Qh4 24. axb4 axb4 25. Bg4 f5 26. g3 Qf6 27. Bf3 cxd4
28. Rf2 Bxe2 29. Rfxe2 Rxe2 30. Qxe2 Nc5 31. Qb5 Ne4 32. Kg2 Qe5 33. Bxe4 fxe4
34. Qxb4 e3 35. Qb7 Rf8 36. Rf1 Qe4+ 37. Kg1 Rxf1+ 38. Kxf1 Qf3+ 39. Kg1 Qd1+
40. Kg2 Qxc2+ 0-1

[Event "NED-ch 1972"]
[Site "Leeuwarden"]
[Date "1972.??.??"]
[Round "7"]
[White "Van den Berg, Ad"]
[Black "Hartoch, Rob"]
[Result "1/2-1/2"]
[WhiteElo "2385"]
[BlackElo "2430"]
[PlyCount "46"]
[EventDate "1972.??.??"]
[Source "ChessBase"]
[SourceDate "1999.07.01"]

1. e4 g6 2. d4 Bg7 3. c4 c5 4. Ne2 Nc6 5. d5 Nd4 6. Nxd4 cxd4 7. Bd3 d6 8. O-O
Nf6 9. Nd2 O-O 10. b4 e5 11. c5 Ne8 12. Ba3 f5 13. Qb3 Qg5 14. Rad1 h5 15. Bc1
f4 16. Kh1 h4 17. h3 Nf6 18. Be2 Rf7 19. cxd6 Ne8 20. Nc4 Bf8 21. Bd2 Bxd6 22.
a4 Qf6 23. Bf3 Bd7 1/2-1/2

[Event "NED-ch 1972"]
[Site "Leeuwarden"]
[Date "1972.??.??"]
[Round "7"]
[White "Zuidema, Coenraad"]
[Black "Enklaar, Bert"]
[Result "1-0"]
[WhiteElo "2430"]
[BlackElo "2410"]
[PlyCount "83"]
[EventDate "1972.??.??"]
[Source "ChessBase"]
[SourceDate "1999.07.01"]

1. e4 e6 2. d4 d5 3. Nc3 Bb4 4. e5 c5 5. a3 Ba5 6. b4 cxd4 7. Nb5 Bc7 8. f4 Ne7
9. Nf3 O-O 10. Bd3 f6 11. O-O Bb6 12. Bb2 a6 13. Nbxd4 Nbc6 14. Kh1 f5 15. c4
Bd7 16. c5 Ba7 17. Qe2 Qe8 18. Rfc1 Qh5 19. Bc3 Nxd4 20. Bxd4 Qg4 21. g3 Ba4
22. Rab1 Bb8 23. Qe3 Nc6 24. Rb2 h6 25. Rg1 Bc7 26. h3 Qh5 27. Rh2 Ne7 28. g4
Qf7 29. Rhg2 Kh8 30. gxf5 Nxf5 31. Bxf5 Qxf5 32. Nh4 Qf7 33. Ng6+ Kh7 34. Nxf8+
Rxf8 35. f5 Rg8 36. fxe6 Qxe6 37. Rg6 Qxg6 38. Rxg6 Kxg6 39. Qd3+ Kf7 40. Qf5+
Ke7 41. Qh7 Kf8 42. c6 1-0

[Event "NED-ch 1972"]
[Site "Leeuwarden"]
[Date "1972.??.??"]
[Round "8"]
[White "Enklaar, Bert"]
[Black "Van den Berg, Ad"]
[Result "0-1"]
[WhiteElo "2410"]
[BlackElo "2385"]
[PlyCount "88"]
[EventDate "1972.??.??"]
[Source "ChessBase"]
[SourceDate "1999.07.01"]

1. d4 Nf6 2. c4 c5 3. d5 e5 4. Nc3 d6 5. e4 Be7 6. h3 O-O 7. Nf3 Nbd7 8. Bd3 a6
9. Qe2 Kh8 10. g4 Ne8 11. g5 g6 12. Bd2 Ng7 13. O-O-O f5 14. gxf6 Nxf6 15. Bh6
Nfh5 16. Qe3 Nf4 17. Bf1 Rf7 18. Ne2 Ngh5 19. Ng3 b5 20. Kb1 Rb8 21. Rd2 Bd7
22. Ne1 Qa5 23. Nc2 Bf8 24. Bxf8 Rbxf8 25. Qe1 Nxg3 26. fxg3 Nxh3 27. Bxh3 Bxh3
28. Ne3 Bc8 29. g4 Qd8 30. Rh6 Bxg4 31. Rdh2 Bh5 32. Nf5 Rxf5 33. exf5 Rxf5 34.
cxb5 axb5 35. a3 Qf8 36. R6xh5 Rxh5 37. Rxh5 gxh5 38. Qh4 b4 39. axb4 cxb4 40.
Qxb4 Qf1+ 41. Ka2 Qa6+ 42. Kb1 Qd3+ 43. Kc1 Qxd5 44. Qh4 e4 0-1

[Event "NED-ch 1972"]
[Site "Leeuwarden"]
[Date "1972.??.??"]
[Round "8"]
[White "Kuijpers, Frans"]
[Black "Zuidema, Coenraad"]
[Result "1/2-1/2"]
[WhiteElo "2400"]
[BlackElo "2430"]
[PlyCount "112"]
[EventDate "1972.??.??"]
[Source "ChessBase"]
[SourceDate "1999.07.01"]

1. d4 Nf6 2. c4 e6 3. Nf3 Bb4+ 4. Nbd2 d5 5. e3 O-O 6. Bd3 b6 7. O-O Bb7 8. b3
Ne4 9. Qc2 f5 10. Ne5 Nd7 11. Nxd7 Qxd7 12. Nf3 Bd6 13. Ne5 Qe8 14. f3 Nc5 15.
Be2 Nd7 16. Bb2 c5 17. cxd5 exd5 18. Bb5 Bxe5 19. dxe5 a6 20. Be2 Rf7 21. f4
Nf8 22. Bh5 g6 23. Bf3 Ne6 24. Rad1 Rd8 25. h3 d4 26. Bxb7 Rxb7 27. exd4 cxd4
28. Rd3 Rc7 29. Qf2 Qb5 30. Rfd1 Rcd7 31. Kh2 Qd5 32. g3 Qe4 33. R3d2 h5 34. h4
Kf7 35. Ba3 Rc8 36. Bd6 Rc3 37. Re2 Re3 38. Rde1 Rxe2 39. Rxe2 Qd5 40. Qg2
Qxg2+ 41. Kxg2 Rd8 42. Rc2 Ke8 43. Rc6 d3 44. Rc1 Nc5 45. Rd1 Ne4 46. Rxd3 Kf7
47. b4 Ke6 48. Ra3 Nxd6 49. exd6 Rxd6 50. Rxa6 Kd5 51. a4 Ke4 52. a5 Rd2+ 53.
Kh3 bxa5 54. bxa5 Kf3 55. Rb6 Ra2 56. a6 Ra1 1/2-1/2

[Event "NED-ch 1972"]
[Site "Leeuwarden"]
[Date "1972.??.??"]
[Round "8"]
[White "Langeweg, Kick"]
[Black "Ree, Hans"]
[Result "1/2-1/2"]
[WhiteElo "2425"]
[BlackElo "2480"]
[PlyCount "80"]
[EventDate "1972.??.??"]
[Source "ChessBase"]
[SourceDate "1999.07.01"]

1. Nf3 g6 2. e4 Bg7 3. d4 d6 4. c3 Nf6 5. Bd3 O-O 6. O-O Nc6 7. Nbd2 e5 8. dxe5
Nxe5 9. Nxe5 dxe5 10. Nc4 Qe7 11. b4 b6 12. a4 Bb7 13. Qe2 Nd7 14. Nd2 f5 15.
Ba6 Bxa6 16. Qxa6 Nf6 17. Re1 Rfd8 18. Qe2 Rd7 19. exf5 gxf5 20. Qf3 Rad8 21.
Nf1 Nd5 22. Qxf5 Nxc3 23. Bg5 Rf8 24. Qh3 Qxg5 25. Qxd7 e4 26. Qxc7 Bd4 27.
Qc4+ Qd5 28. Qxd5+ Nxd5 29. Ra2 Nxb4 30. Rxe4 Nxa2 31. Rxd4 Nc3 32. Rg4+ Kf7
33. Ne3 Rc8 34. g3 Rc5 35. Nc4 Kf6 36. Nb2 a5 37. Kf1 b5 38. axb5 Rxb5 39. Rf4+
Ke5 40. Na4 Rb1+ 1/2-1/2

[Event "NED-ch 1972"]
[Site "Leeuwarden"]
[Date "1972.??.??"]
[Round "9"]
[White "Bohm, Hans"]
[Black "Enklaar, Bert"]
[Result "0-1"]
[WhiteElo "2250"]
[BlackElo "2410"]
[PlyCount "66"]
[EventDate "1972.??.??"]
[Source "ChessBase"]
[SourceDate "1999.07.01"]

1. e4 c5 2. c3 e6 3. Nf3 d5 4. exd5 exd5 5. Bb5+ Nc6 6. O-O Bd6 7. d4 Nge7 8.
Bg5 O-O 9. dxc5 Bxc5 10. Nbd2 f6 11. Bf4 Ng6 12. Bg3 f5 13. Nb3 Bb6 14. Bxc6
bxc6 15. Be5 Nxe5 16. Nxe5 Qf6 17. Qe2 f4 18. Rfe1 Re8 19. Ng4 Bxf2+ 20. Qxf2
Bxg4 21. Nd4 h6 22. Nb3 Bh5 23. Nc5 f3 24. h3 Qd6 25. g4 Bg6 26. b4 Qf6 27.
Rac1 Rxe1+ 28. Rxe1 Qxc3 29. Re6 Re8 30. a3 Qxa3 31. Rxe8+ Bxe8 32. Qd4 Qa2 33.
Qf2 Qb1+ 0-1

[Event "NED-ch 1972"]
[Site "Leeuwarden"]
[Date "1972.??.??"]
[Round "9"]
[White "Ree, Hans"]
[Black "Hartoch, Rob"]
[Result "1/2-1/2"]
[WhiteElo "2480"]
[BlackElo "2430"]
[PlyCount "30"]
[EventDate "1972.??.??"]
[Source "ChessBase"]
[SourceDate "1999.07.01"]

1. d4 Nf6 2. c4 c5 3. d5 g6 4. Nf3 d6 5. g3 Bg7 6. Bg2 O-O 7. O-O Na6 8. Nc3
Nc7 9. a4 Rb8 10. Bf4 b6 11. e4 a6 12. e5 Nh5 13. exd6 exd6 14. Bg5 Bf6 15. Bh6
Bg7 1/2-1/2

[Event "NED-ch 1972"]
[Site "Leeuwarden"]
[Date "1972.??.??"]
[Round "9"]
[White "Van Dop, Arend"]
[Black "Scholl, Eddie"]
[Result "1/2-1/2"]
[WhiteElo "2290"]
[BlackElo "2400"]
[PlyCount "66"]
[EventDate "1972.??.??"]
[Source "ChessBase"]
[SourceDate "1999.07.01"]

1. e4 c5 2. Nf3 e6 3. d4 cxd4 4. Nxd4 Nf6 5. Bd3 Nc6 6. Nxc6 bxc6 7. O-O d5 8.
Nd2 Be7 9. Re1 O-O 10. e5 Nd7 11. Qg4 f5 12. exf6 Nxf6 13. Qe2 e5 14. Qxe5 Bd6
15. Qg5 Bxh2+ 16. Kh1 Bd6 17. Nf3 Rb8 18. a3 c5 19. b4 cxb4 20. axb4 Rxb4 21.
Rxa7 Bd7 22. Bf5 Ra4 23. Be6+ Kh8 24. Rxd7 Nxd7 25. Qxd8 Rxd8 26. Bxd7 Re4 27.
Bc6 Rxe1+ 28. Nxe1 Rb8 29. Kg1 Rb6 30. Bd7 Rb1 31. Bd2 Rd1 32. Ba5 Bc7 33. Bc3
Be5 1/2-1/2

[Event "NED-ch 1972"]
[Site "Leeuwarden"]
[Date "1972.??.??"]
[Round "9"]
[White "Van den Berg, Ad"]
[Black "Kuijpers, Frans"]
[Result "1-0"]
[WhiteElo "2385"]
[BlackElo "2400"]
[PlyCount "39"]
[EventDate "1972.??.??"]
[Source "ChessBase"]
[SourceDate "1999.07.01"]

1. e4 d6 2. d4 Nf6 3. Nc3 g6 4. f4 Bg7 5. Nf3 O-O 6. e5 Nfd7 7. h4 c5 8. h5
cxd4 9. Qxd4 dxe5 10. Qg1 e4 11. Nxe4 Nf6 12. Nxf6+ exf6 13. hxg6 Re8+ 14. Kf2
hxg6 15. Qh2 Nd7 16. Qh7+ Kf8 17. b3 Nc5 18. Kg3 b6 19. Bb5 Re7 20. Qh8+ 1-0

[Event "NED-ch 1972"]
[Site "Leeuwarden"]
[Date "1972.??.??"]
[Round "10"]
[White "Enklaar, Bert"]
[Black "Ree, Hans"]
[Result "1-0"]
[WhiteElo "2410"]
[BlackElo "2480"]
[PlyCount "90"]
[EventDate "1972.??.??"]
[Source "ChessBase"]
[SourceDate "1999.07.01"]

1. d4 Nf6 2. c4 c5 3. d5 b5 4. cxb5 a6 5. bxa6 d6 6. Nc3 Bxa6 7. e4 Bxf1 8.
Kxf1 g6 9. Nge2 Bg7 10. h3 O-O 11. Kg1 Qb6 12. Rb1 Na6 13. Be3 Rfb8 14. Kh2 Nd7
15. Qd2 Qa5 16. Bg5 Qc7 17. Rhc1 c4 18. Be3 Nb4 19. Nd4 Nxa2 20. Nxa2 Rxa2 21.
Rc2 Nc5 22. Rxc4 Nxe4 23. Qc1 Nc5 24. b4 Qb7 25. Nc6 Nd3 26. Qd1 Ne5 27. Rc2
Rxc2 28. Qxc2 Nxc6 29. dxc6 Qb5 30. Rc1 Kf8 31. Qc4 Qxc4 32. Rxc4 d5 33. Rc1
Be5+ 34. g3 Bc7 35. Bc5 Ke8 36. Ra1 Kd8 37. Ra7 e5 38. Kg2 f5 39. Kf1 Kc8 40.
Ra6 Bd8 41. Bd6 Bc7 42. Bc5 Bd8 43. Ke2 Kc7 44. Kd1 Bf6 45. Ra7+ Kxc6 1-0

[Event "NED-ch 1972"]
[Site "Leeuwarden"]
[Date "1972.??.??"]
[Round "10"]
[White "Langeweg, Kick"]
[Black "Hartoch, Rob"]
[Result "1/2-1/2"]
[WhiteElo "2425"]
[BlackElo "2430"]
[PlyCount "38"]
[EventDate "1972.??.??"]
[Source "ChessBase"]
[SourceDate "1999.07.01"]

1. Nf3 g6 2. d4 Bg7 3. g3 Nf6 4. Bg2 O-O 5. O-O d5 6. c4 c6 7. b3 Bf5 8. Bb2 a5
9. Nc3 Ne4 10. Nh4 Nxc3 11. Bxc3 Be6 12. cxd5 cxd5 13. Nf3 Nc6 14. Rc1 Qd6 15.
a4 Rac8 16. Bb2 Bf5 17. Nh4 Be6 18. Nf3 Bf5 19. Nh4 Be6 1/2-1/2

[Event "NED-ch 1972"]
[Site "Leeuwarden"]
[Date "1972.??.??"]
[Round "10"]
[White "Scholl, Eddie"]
[Black "Zuidema, Coenraad"]
[Result "1/2-1/2"]
[WhiteElo "2400"]
[BlackElo "2430"]
[PlyCount "64"]
[EventDate "1972.??.??"]
[Source "ChessBase"]
[SourceDate "1999.07.01"]

1. Nf3 Nf6 2. g3 d5 3. Bg2 c6 4. O-O Bf5 5. b3 e6 6. Bb2 Be7 7. d3 O-O 8. Nc3
h6 9. h3 Nbd7 10. Nd2 Nc5 11. e4 Bh7 12. e5 Ne8 13. Qe2 a5 14. a4 Na6 15. f4
Nb4 16. Nf3 c5 17. Ne1 c4 18. dxc4 dxc4 19. bxc4 Qb6+ 20. Kh1 Nxc2 21. Nxc2
Qxb2 22. Ne4 Bxe4 23. Bxe4 Rc8 24. Rab1 Qc3 25. Rxb7 Qxc4 26. Qxc4 Rxc4 27. Bd3
Rc3 28. Rf3 Rc7 29. Rb8 Rc5 30. Nd4 Nc7 31. Rxf8+ Kxf8 32. Nb3 Rd5 1/2-1/2

[Event "NED-ch 1972"]
[Site "Leeuwarden"]
[Date "1972.??.??"]
[Round "10"]
[White "Timman, Ton"]
[Black "Van Dop, Arend"]
[Result "0-1"]
[WhiteElo "2325"]
[BlackElo "2290"]
[PlyCount "44"]
[EventDate "1972.??.??"]
[Source "ChessBase"]
[SourceDate "1999.07.01"]

1. c4 Nf6 2. Nc3 d5 3. cxd5 Nxd5 4. Nf3 g6 5. Qa4+ Bd7 6. Qh4 Bc6 7. Ne5 Bg7 8.
Nxc6 Nxc6 9. g3 Ndb4 10. Rb1 O-O 11. Bg2 Nc2+ 12. Kf1 Qd6 13. Qe4 N2d4 14. e3
Nf5 15. d4 e6 16. Ke2 Nb4 17. Kf3 Nxd4+ 18. exd4 f5 19. Qxb7 Rfb8 20. Nb5 Qd7
21. Qxc7 Qxb5 22. g4 Qd3+ 0-1

[Event "NED-ch 1972"]
[Site "Leeuwarden"]
[Date "1972.??.??"]
[Round "11"]
[White "Hartoch, Rob"]
[Black "Enklaar, Bert"]
[Result "1/2-1/2"]
[WhiteElo "2430"]
[BlackElo "2410"]
[PlyCount "93"]
[EventDate "1972.??.??"]
[Source "ChessBase"]
[SourceDate "1999.07.01"]

1. Nf3 Nf6 2. g3 b5 3. Bg2 Bb7 4. d3 e6 5. e4 d6 6. a4 b4 7. O-O Be7 8. Nbd2
O-O 9. Nc4 a5 10. Ne3 Nbd7 11. h4 c5 12. Bh3 Qc7 13. Re1 Rfe8 14. Nc4 Bf8 15.
Bf4 Nb6 16. Nfd2 Nfd7 17. Bg2 Qc6 18. c3 Nxc4 19. Nxc4 Nb6 20. Nxb6 Qxb6 21.
Qd2 Rac8 22. h5 h6 23. Be3 Qa6 24. cxb4 cxb4 25. Rec1 Be7 26. b3 Bf6 27. d4 Qa8
28. f3 Ba6 29. Bf1 Bxf1 30. Kxf1 d5 31. e5 Be7 32. Qd3 Rc3 33. Rxc3 bxc3 34.
Qxc3 Qa6+ 35. Kf2 Rc8 36. Qb2 Qd3 37. Rc1 Rxc1 38. Qxc1 Qxb3 39. Qc6 Qb2+ 40.
Kg1 Qe2 41. Bf2 Bf8 42. Kg2 Qd3 43. Qe8 Qc4 44. Be3 Qc3 45. Bf2 Qc2 46. Kg1 Qc7
47. Kg2 1/2-1/2

[Event "NED-ch 1972"]
[Site "Leeuwarden"]
[Date "1972.??.??"]
[Round "11"]
[White "Ree, Hans"]
[Black "Kuijpers, Frans"]
[Result "1/2-1/2"]
[WhiteElo "2480"]
[BlackElo "2400"]
[PlyCount "29"]
[EventDate "1972.??.??"]
[Source "ChessBase"]
[SourceDate "1999.07.01"]

1. c4 e6 2. g3 d5 3. Bg2 Nf6 4. Nf3 Be7 5. O-O O-O 6. b3 b6 7. Bb2 Bb7 8. d4
Nbd7 9. Nc3 c5 10. cxd5 Nxd5 11. Nxd5 Bxd5 12. dxc5 Nxc5 13. Rc1 Rc8 14. Ne5
Bxg2 15. Kxg2 1/2-1/2

[Event "NED-ch 1972"]
[Site "Leeuwarden"]
[Date "1972.??.??"]
[Round "11"]
[White "Van Dop, Arend"]
[Black "Langeweg, Kick"]
[Result "1/2-1/2"]
[WhiteElo "2290"]
[BlackElo "2425"]
[PlyCount "21"]
[EventDate "1972.??.??"]
[Source "ChessBase"]
[SourceDate "1999.07.01"]

1. b3 d5 2. Bb2 Nf6 3. e3 c5 4. Nf3 e6 5. Bb5+ Bd7 6. Bxd7+ Nbxd7 7. O-O Be7 8.
d3 O-O 9. c4 Rc8 10. Nc3 Qc7 11. Qe2 1/2-1/2

[Event "NED-ch 1972"]
[Site "Leeuwarden"]
[Date "1972.??.??"]
[Round "11"]
[White "Van den Berg, Ad"]
[Black "Scholl, Eddie"]
[Result "1/2-1/2"]
[WhiteElo "2385"]
[BlackElo "2400"]
[PlyCount "104"]
[EventDate "1972.??.??"]
[Source "ChessBase"]
[SourceDate "1999.07.01"]

1. e4 c5 2. Nf3 d6 3. d4 cxd4 4. Nxd4 Nf6 5. Nc3 a6 6. Bc4 e6 7. Bb3 b5 8. O-O
Be7 9. a4 b4 10. Na2 O-O 11. Nxb4 Bb7 12. c3 Nxe4 13. f4 Nd7 14. a5 Rc8 15. Be3
Ndc5 16. Bc2 d5 17. Rf3 Bf6 18. Rh3 g6 19. Nd3 Nxd3 20. Bxd3 Nd6 21. f5 exf5
22. Nxf5 Nxf5 23. Bxf5 Rc4 24. Bd3 Rc6 25. Bb6 Rxb6 26. axb6 Bc8 27. Rf3 Qxb6+
28. Kh1 Bg7 29. Qc2 Bb7 30. Raf1 f5 31. Qf2 Qc7 32. Qe2 a5 33. Re3 Bf6 34. Re8
Rxe8 35. Qxe8+ Kg7 36. Re1 Bc6 37. Qe2 Qb7 38. Ba6 Qb6 39. Bc8 Qc7 40. Be6 Qb7
41. Qd2 a4 42. Rd1 h5 43. Bxd5 Bxd5 44. Qxd5 Qxb2 45. Qd7+ Kh6 46. Qxa4 Qxc3
47. Qf4+ Bg5 48. Qb8 Bf6 49. Qf4+ Bg5 50. Qd4 Qxd4 51. Rxd4 h4 52. Rd7 Be3
1/2-1/2